[Event "POL-chT3"]
[Site "Jastrzebia Gora POL"]
[Date "2016.09.04"]
[Round "2.95"]
[White "Kasperek, Joanna"]
[Black "Milczarek, Robert"]
[Result "1/2-1/2"]
[WhiteElo "2049"]
[BlackElo "1740"]
[EventDate "2016.09.02"]

1.e4 c5 2.Nf3 d6 3.d4 cxd4 4.Qxd4 Nc6 5.Bb5 Bd7 6.Bxc6 Bxc6 7.Nc3 Nf6 8.
Bg5 e6 9.O-O-O Be7 10.Qd3 h6 11.Bxf6 Bxf6 12.Nd4 O-O 13.f4 Qa5 14.Kb1 Rac8
15.g4 Rfd8 16.h4 Bxd4 17.Qxd4 e5 18.Qe3 exf4 19.Qxf4 Qe5 20.Rhf1 f6 21.g5 
hxg5 22.hxg5 Qxf4 23.Rxf4 fxg5 24.Rg4 Rf8 25.Rxg5 Rce8 26.b3 Bxe4 27.Nxe4 
Rxe4 28.Rxd6 Re2 29.a4 Rc8 30.Rd7 Rcxc2 31.Rgxg7+ Kf8 32.Rh7 Kg8 1/2-1/2

[Event "POL-chT3"]
[Site "Jastrzebia Gora POL"]
[Date "2016.09.04"]
[Round "2.96"]
[White "Bartczak, Hanna"]
[Black "Murawko, Katarzyna"]
[Result "0-1"]
[WhiteElo "1521"]
[BlackElo "2031"]
[EventDate "2016.09.02"]

1.d4 c5 2.dxc5 Qa5+ 3.Nc3 Qxc5 4.e4 Nf6 5.Bd3 d6 6.Nf3 a6 7.a3 e6 8.Be3 
Qc7 9.O-O Nbd7 10.Qe2 Be7 11.Rfd1 O-O 12.Bc4 b5 13.Bb3 Bb7 14.Bf4 Ne5 15.
Nxe5 dxe5 16.Bg3 Bc5 17.Kh1 g6 18.h3 Kg7 19.Rd2 Bc6 20.Rad1 Rae8 21.f3 Nh5
22.Bf2 Nf4 23.Qf1 Be7 24.g3 Nh5 25.Ne2 f5 26.g4 fxe4 27.gxh5 e3 28.h6+ Kh8
29.Bxe3 Rxf3 30.Kg1 Rxf1+ 31.Rxf1 Be4 32.Bxe6 Bc5 33.Rf7 Bxe3+ 34.Kf1 Qc5 
35.Rdd7 g5 36.Bf5 Bxf5 37.Rxf5 Qxc2 38.Rff7 Bd4 39.Nxd4 exd4 40.Rde7 Rg8 
0-1

[Event "POL-chT3"]
[Site "Jastrzebia Gora POL"]
[Date "2016.09.04"]
[Round "2.97"]
[White "Banach, Szymon"]
[Black "Sadowski, Miroslaw"]
[Result "1-0"]
[WhiteElo "1996"]
[BlackElo "2100"]
[EventDate "2016.09.02"]

1.e4 d6 2.d4 Nf6 3.f3 g6 4.Be3 Bg7 5.Nc3 O-O 6.Qd2 Nc6 7.O-O-O e5 8.Nge2 
Nxd4 9.Nxd4 exd4 10.Bxd4 Be6 11.g4 Nd7 12.Bxg7 Kxg7 13.h4 h6 14.Be2 Ne5 
15.f4 Nxg4 16.f5 Ne5 17.fxe6 fxe6 18.Rdf1 Qe7 19.Qe1 a6 20.Qg3 b5 21.Nd1 
Kh7 22.Nf2 Qg7 23.Ng4 Nd7 24.e5 h5 25.Nf6+ Nxf6 26.exf6 Rxf6 27.Rxf6 Qxf6 
28.Rf1 Qg7 29.Qf3 Rg8 30.Kb1 Qe5 31.Bd3 Rg7 32.Qc6 Qd4 33.Qxa6 b4 34.Qc4 
Qxc4 35.Bxc4 d5 36.Bb5 g5 37.Bd3+ Kg8 38.hxg5 Rxg5 39.a4 bxa3 40.bxa3 h4 
41.Bb5 h3 42.Rh1 Rg3 43.Kb2 Kf7 44.Bf1 Rf3 45.Bxh3 Ke7 46.Bf1 Kd6 47.Bd3 
e5 48.Rf1 Rg3 49.a4 c6 50.a5 Rg8 51.a6 Rg7 52.Kb3 Kc5 53.Ka4 Kb6 54.Rb1+ 
Ka7 55.Ka5 e4 56.Be2 d4 57.Rb4 Rd7 58.Bc4 d3 59.cxd3 exd3 60.Rb1 d2 61.Rd1
Rd8 62.Kb4 Kb6 63.Kc3 Rd7 64.Rxd2 Rf7 65.Rb2+ Ka7 66.Kb4 Rh7 67.Rd2 Kb6 
68.Rb2 Re7 69.Kc3+ Ka7 70.Kd4 Rh7 71.Kc5 Rh5+ 72.Kxc6 Rh6+ 73.Kc5 Rf6 74.
Rd2 Rf5+ 75.Kc6 Rf8 76.Rd7+ Ka8 77.Bd5 1-0

[Event "POL-chT3"]
[Site "Jastrzebia Gora POL"]
[Date "2016.09.04"]
[Round "2.98"]
[White "Pazderski, Ziemowit"]
[Black "Nowak, Rafal"]
[Result "1-0"]
[WhiteElo "2263"]
[BlackElo "2050"]
[EventDate "2016.09.02"]

1.d4 d5 2.Nf3 Nf6 3.c4 c6 4.Nc3 a6 5.cxd5 cxd5 6.Qb3 Nc6 7.Bf4 e6 8.e3 Bd6
9.Bg5 h6 10.Bh4 Be7 11.Bd3 Na5 12.Qc2 b5 13.O-O Bb7 14.Ne5 Rc8 15.Qe2 Nc4 
16.f4 Nd6 17.a4 b4 18.Na2 Qb6 19.Nc1 a5 20.Bxf6 Bxf6 21.Nb3 Rc7 22.Rac1 
Bc6 23.Nxc6 Rxc6 24.Rc5 O-O 25.Rxa5 Rfc8 26.Rc5 Qa7 27.Ra1 Be7 28.Rxc6 
Rxc6 29.Nc5 Nc4 30.Bxc4 dxc4 31.Qxc4 Bxc5 32.dxc5 Rxc5 33.Qd4 Qc7 34.Qxb4 
Rc2 35.Qe4 Rxb2 36.h3 Qa7 37.Ra3 Qe7 38.Rc3 f5 39.Qe5 Rb1+ 40.Kh2 Qf7 41.
Rc6 Rb4 42.a5 Re4 43.Qc3 h5 44.a6 h4 45.Rc8+ Kh7 46.Qe1 g5 47.Qc3 Kg6 48.
Qh8 1-0

[Event "POL-chT3"]
[Site "Jastrzebia Gora POL"]
[Date "2016.09.04"]
[Round "2.99"]
[White "Jozefczak, Andrzej"]
[Black "Maciaga, Marcin"]
[Result "0-1"]
[WhiteElo "2035"]
[BlackElo "2120"]
[EventDate "2016.09.02"]

1.e4 c5 2.Nf3 g6 3.c4 Nc6 4.Nc3 Bg7 5.Be2 d6 6.O-O Nf6 7.d3 O-O 8.h3 Ne8 
9.Nd5 e6 10.Nc3 Nc7 11.Be3 Nd4 12.Qd2 Re8 13.Bh6 Bh8 14.Bd1 Bd7 15.Nxd4 
cxd4 16.Ne2 Bc6 17.Bg5 Qd7 18.f4 f5 19.Ng3 Bg7 20.Bh4 h6 21.exf5 exf5 22.
Bf3 Re3 23.Bxc6 bxc6 24.Rfe1 Rae8 25.Nf1 R3e6 26.Bf2 d5 27.c5 Rxe1 28.Rxe1
Rxe1 29.Bxe1 Qe7 30.b4 Nb5 31.g3 h5 32.Kf2 Nc3 33.Kf3 Qb7 34.a3 Qa6 35.Qc2
Qxa3 36.b5 Qxc5 37.bxc6 Qxc6 38.Bf2 a5 39.Nd2 a4 40.Qb2 Qb5 41.Qa3 Qxd3+ 
0-1

[Event "POL-chT3"]
[Site "Jastrzebia Gora POL"]
[Date "2016.09.04"]
[Round "2.100"]
[White "Kowalec, Maciej"]
[Black "Zurawski, Kamil"]
[Result "1-0"]
[WhiteElo "2100"]
[BlackElo "1648"]
[EventDate "2016.09.02"]

1.d4 e6 2.Nf3 f5 3.g3 Nf6 4.Bg2 Be7 5.O-O O-O 6.c4 d5 7.Qc2 c6 8.Nbd2 Qe8 
9.Rb1 a5 10.b3 Qh5 11.a3 Na6 12.Ne5 Bd7 13.Ndf3 c5 14.cxd5 exd5 15.Nxd7 
Nxd7 16.Qd2 f4 17.Qxa5 fxg3 18.hxg3 Qf5 19.Bb2 b6 20.Qd2 Nf6 21.Nh4 Qg4 
22.dxc5 Ne4 23.Qxd5+ Kh8 24.Qxe4 Qxe4 25.Bxe4 Rae8 26.Bc6 1-0

[Event "POL-chT3"]
[Site "Jastrzebia Gora POL"]
[Date "2016.09.04"]
[Round "2.101"]
[White "Butyrowski, Marcel"]
[Black "Krasiewicz, Robert"]
[Result "0-1"]
[WhiteElo "1776"]
[BlackElo "2097"]
[EventDate "2016.09.02"]

1.Nf3 d6 2.c4 f5 3.d4 Nf6 4.g3 g6 5.Bg2 Bg7 6.O-O O-O 7.Nc3 Qe8 8.d5 a5 9.
Nd4 Na6 10.b3 Bd7 11.Bb2 Nc5 12.Re1 c6 13.Rc1 e5 14.dxe6 Bxe6 15.e3 Rf7 
16.Qc2 Re7 17.Rcd1 Rd8 18.Nce2 Bf7 19.Nf4 Nce4 20.h3 Qd7 21.Kh2 g5 22.Nd3 
Nh5 23.Ne2 Qe6 24.f3 Nef6 25.Nd4 Qc8 26.Nf2 Bg6 27.Qd2 g4 28.f4 Nxg3 29.
Kxg3 Nh5+ 30.Kh2 g3+ 31.Kh1 gxf2 32.Qxf2 Rde8 33.Ba3 Rd7 34.Nf3 Qd8 35.Kh2
Nf6 36.Nh4 Ne4 37.Bxe4 Rxe4 38.Nxg6 hxg6 39.Qg3 Re6 40.Re2 d5 41.Red2 d4 
42.exd4 Bxd4 43.Kh1 Kf7 44.Bc5 Re4 45.Qd3 Rxf4 46.Bxd4 Rfxd4 47.Qxd4 Rxd4 
48.Rxd4 Qe8 49.Rd7+ Kf6 50.R7d6+ Kg7 51.Rd7+ Kh6 52.R7d4 Qe2 53.R1d2 Qf1+ 
54.Kh2 g5 55.Rg2 Qe1 56.Rd6+ Kh5 57.Rd8 Qe5+ 58.Kh1 Qg7 59.Re8 f4 60.Re4 
Qf6 61.Rf2 Kh4 62.Re8 Kxh3 63.Rg2 Qa1+ 64.Rg1 Qb2 0-1

[Event "POL-chT3"]
[Site "Jastrzebia Gora POL"]
[Date "2016.09.04"]
[Round "2.102"]
[White "Gluszko, Monika"]
[Black "Wilk, Oktawia"]
[Result "1-0"]
[WhiteElo "1923"]
[BlackElo "1704"]
[EventDate "2016.09.02"]

1.e4 e6 2.d4 d5 3.Nc3 Nf6 4.Bg5 Be7 5.e5 Nfd7 6.h4 a6 7.Qg4 f5 8.Qg3 Bxg5 
9.hxg5 c5 10.g6 h6 11.Nf3 cxd4 12.Nxd4 Nf8 13.O-O-O Bd7 14.Nf3 Rg8 15.Bd3 
Nc6 16.Rhe1 Ne7 17.Nh4 Qa5 18.Qe3 Qb4 19.Qg3 Qa5 20.Kb1 Rc8 21.Ne2 Qc5 22.
Nf4 Kd8 23.Qf3 Ba4 24.Rd2 Qa5 25.Red1 Bc6 26.g4 d4 27.Qe2 fxg4 28.Bc4 Ke8 
29.Rxd4 Bd7 30.Rd6 Qc5 31.Bxe6 Nxe6 32.Nxe6 Bxe6 33.Rxe6 Rf8 34.Qd2 Qc7 
35.Rd6 Nc6 36.e6 Rd8 1-0

[Event "POL-chT3"]
[Site "Jastrzebia Gora POL"]
[Date "2016.09.05"]
[Round "3.1"]
[White "Winiarski, Mikolaj"]
[Black "Szwed, Jacek"]
[Result "1-0"]
[WhiteElo "2300"]
[BlackElo "2402"]
[EventDate "2016.09.02"]

1.d4 c5 2.d5 g6 3.c4 Bg7 4.Nc3 d6 5.e4 e6 6.Nf3 exd5 7.cxd5 a6 8.a4 Bg4 9.
Be2 Bxf3 10.Bxf3 Nd7 11.O-O Ne7 12.Bf4 Ne5 13.Be2 O-O 14.Qd2 f5 15.Bg5 Qd7
16.f4 Nf7 17.Bxe7 Qxe7 18.exf5 gxf5 19.Rae1 Qh4 20.Bf3 Nh6 21.g3 Qh3 22.
Qg2 Qxg2+ 23.Kxg2 b5 24.axb5 Rfb8 25.Re6 Nf7 26.Ra1 Bxc3 27.bxc3 axb5 28.
Rxa8 Rxa8 29.Bh5 b4 30.cxb4 cxb4 31.Re7 Nd8 32.Bd1 Ra1 33.Re8+ Kg7 34.Rxd8
Rxd1 35.Rd7+ Kg8 36.Rxd6 b3 37.Rb6 Rxd5 38.Rxb3 Rd2+ 39.Kg1 Kg7 40.Rf3 Kg6
41.Rf2 Rd3 42.Kg2 Ra3 43.Kh3 h6 44.Re2 Kh5 45.Re5 Kg6 46.Kh4 Ra2 47.h3 Rh2
48.Re6+ Kg7 49.Ra6 Rh1 50.Ra2 Kg6 51.Ra6+ Kg7 52.Ra3 Kg6 53.Rb3 Rh2 54.
Rb6+ Kg7 55.g4 fxg4 56.Kxg4 Rc2 57.Rb7+ Kf6 58.Rb6+ Kg7 59.h4 Rc5 60.h5 
Kh7 61.Rb7+ Kg8 62.Re7 Rc1 63.Kf5 Rf1 64.Rb7 Rf2 65.Ke5 Rf1 66.f5 Rh1 67.
Ke6 Rh2 68.Rb6 Rh1 69.Ke7 Rxh5 70.Rb8+ Kh7 71.f6 Re5+ 72.Kd6 Rf5 73.Ke6 
Rf1 74.f7 Kg7 75.Rg8+ 1-0

[Event "POL-chT3"]
[Site "Jastrzebia Gora POL"]
[Date "2016.09.05"]
[Round "3.2"]
[White "Jedynak, Radoslaw"]
[Black "Praczukowski, Stanislaw"]
[Result "1-0"]
[WhiteElo "2366"]
[BlackElo "2100"]
[EventDate "2016.09.02"]

1.d4 Nf6 2.c4 e6 3.Nc3 Bb4 4.Qc2 O-O 5.a3 Bxc3+ 6.Qxc3 d6 7.Bg5 Nbd7 8.e3 
b6 9.Nf3 Bb7 10.Nd2 c5 11.dxc5 bxc5 12.f3 h6 13.Bh4 Re8 14.Bd3 Rc8 15.O-O 
Qb6 16.Bf2 d5 17.Rfd1 Ba6 18.b3 Rcd8 19.b4 Nf8 20.Bf1 Rc8 21.b5 Bb7 22.a4 
e5 23.cxd5 Nxd5 24.Qb3 Nb4 25.Nc4 Qg6 26.e4 Re6 27.Bxc5 Rxc5 28.Qxb4 Rc8 
29.Nd6 Rxd6 30.Rxd6 Qg5 31.Qd2 Qh4 32.Qf2 Qe7 33.Rad1 1-0

[Event "POL-chT3"]
[Site "Jastrzebia Gora POL"]
[Date "2016.09.05"]
[Round "3.3"]
[White "Chylewski, Patryk"]
[Black "Tymrakiewicz, Rafal"]
[Result "1/2-1/2"]
[WhiteElo "2005"]
[BlackElo "2285"]
[EventDate "2016.09.02"]

1.e4 Nf6 2.e5 Nd5 3.d4 d6 4.Nf3 g6 5.Bc4 Nb6 6.Bb3 d5 7.O-O Nc6 8.Re1 Bg7 
9.Bf4 O-O 10.Nbd2 Na5 11.c3 Bf5 12.Nf1 Nac4 13.Qc1 Qd7 14.Bc2 Bg4 15.b3 
Na5 16.Qe3 Nc6 17.h3 Bxf3 18.Qxf3 Nd8 19.Qe3 a5 20.a4 Nc8 21.Bh6 Ra6 22.
Bxg7 Kxg7 23.f4 f5 24.Nd2 e6 25.Bd3 Ra8 26.Nf3 Ne7 27.Rec1 b6 28.Be2 Nb7 
29.b4 c6 30.Kh2 Rfc8 31.Bf1 Ra7 32.Bd3 Rca8 33.b5 c5 34.Rc2 Rc8 35.Rac1 
Nd8 36.Qd2 Rac7 37.Be2 Nf7 38.g3 Nd8 39.Kg2 Nf7 40.Bf1 Qd8 41.Be2 Qd7 42.
Bf1 Kh8 43.Be2 Rg8 44.Kh2 h6 45.c4 g5 46.cxd5 Nxd5 47.dxc5 gxf4 48.gxf4 
bxc5 49.Bc4 Nd8 50.Bxd5 exd5 51.b6 Rc6 52.Rxc5 Rxc5 53.Rxc5 Ne6 54.Rxd5 
Qg7 55.Qf2 Nxf4 56.Rd4 Ne6 57.Rc4 Qb7 58.Rh4 Kh7 59.Qe3 Qg7 60.Qf2 Qb7 61.
Qe3 Qg7 62.Qf2 Qb7 63.Qe3 Qg7 1/2-1/2

[Event "POL-chT3"]
[Site "Jastrzebia Gora POL"]
[Date "2016.09.05"]
[Round "3.4"]
[White "Gmaj, Krzysztof"]
[Black "Wojtaszewski, Piotr"]
[Result "1-0"]
[WhiteElo "2192"]
[BlackElo "1998"]
[EventDate "2016.09.02"]

1.e4 c5 2.Nf3 Nc6 3.Bb5 g6 4.O-O Bg7 5.Re1 e5 6.c3 Qe7 7.d4 cxd4 8.cxd4 
exd4 9.e5 Qc5 10.Bxc6 dxc6 11.Nbd2 Bf5 12.Nb3 Qd5 13.Nbxd4 Ne7 14.Bg5 Qd7 
15.Bxe7 Qxe7 16.Nxf5 gxf5 17.Qc2 Rd8 18.Qxf5 Qe6 19.Qg5 O-O 20.b3 Rd5 21.
Rad1 h6 22.Qh4 Re8 23.Rxd5 Qxd5 24.Qg3 Re6 25.h3 Qd3 26.Qf4 Qc3 27.Re3 
Qa1+ 28.Kh2 Qxa2 29.Nd4 Rg6 30.Rf3 Qb2 31.Qxf7+ Kh7 32.Qd7 c5 33.Nf5 Qxe5+
34.g3 b6 35.Re3 Qf6 36.Qd3 Kh8 37.Rf3 Qe6 38.Re3 Qf6 39.Qd7 Rg5 40.g4 h5 
41.Re6 Qb2 42.Kg2 Qc1 43.Qe8+ Kh7 44.Ne7 1-0

[Event "POL-chT3"]
[Site "Jastrzebia Gora POL"]
[Date "2016.09.05"]
[Round "3.5"]
[White "Wisniewski, Jacek"]
[Black "Morkisz, Bogdan"]
[Result "1/2-1/2"]
[WhiteElo "1924"]
[BlackElo "2020"]
[EventDate "2016.09.02"]

1.e4 e6 2.d4 d5 3.Nd2 Be7 4.Bd3 c5 5.exd5 exd5 6.dxc5 Nd7 7.Nb3 Ngf6 8.Nf3
O-O 9.O-O Nxc5 10.Be3 Nxd3 11.Qxd3 Qc7 12.h3 b6 13.Rfe1 Re8 14.Rad1 Bb7 
15.Nfd4 Ne4 16.Nf5 Bf6 17.Bd4 Qf4 18.Ng3 Nxg3 19.Qxg3 Qxg3 20.fxg3 Be7 21.
c3 Bd6 22.Kf2 f6 23.Nc1 Kf7 24.Nd3 Rxe1 25.Rxe1 Re8 26.Rxe8 Kxe8 27.g4 Kf7
28.Kf3 Ke6 29.Ke3 Bc6 30.Nf4+ Bxf4+ 31.Kxf4 Bb5 1/2-1/2

[Event "POL-chT3"]
[Site "Jastrzebia Gora POL"]
[Date "2016.09.05"]
[Round "3.6"]
[White "Kubicka, Anna"]
[Black "Olechnicka, Karolina"]
[Result "1-0"]
[WhiteElo "2239"]
[BlackElo "1887"]
[EventDate "2016.09.02"]

1.d4 c5 2.d5 e6 3.c4 Nf6 4.Nc3 exd5 5.cxd5 d6 6.Nf3 g6 7.Nd2 a6 8.a4 Nbd7 
9.e4 Bg7 10.Be2 O-O 11.O-O Rb8 12.Re1 Re8 13.h3 Nb6 14.Qc2 Nfd7 15.a5 Na8 
16.Nc4 Ne5 17.Bf4 f5 18.Bh2 Nxc4 19.Bxc4 b5 20.axb6 Qxb6 21.Na4 Qc7 22.e5 
Qa5 23.e6 Qc7 24.Nc3 Rb6 25.Ra2 Qb8 26.b3 Rb4 27.Bxa6 Rxb3 28.Rb1 Rxb1+ 
29.Qxb1 Bxa6 30.Qxb8 Rxb8 31.Bxd6 Bc4 32.Bxb8 Bxa2 33.Nxa2 Bd4 34.Bf4 Kf8 
35.d6 Bf6 36.Be3 c4 37.Nb4 Be5 38.d7 1-0

[Event "POL-chT3"]
[Site "Jastrzebia Gora POL"]
[Date "2016.09.05"]
[Round "3.7"]
[White "Steczek, Marcin"]
[Black "Szotkowski, Jakub"]
[Result "1/2-1/2"]
[WhiteElo "2370"]
[BlackElo "2403"]
[EventDate "2016.09.02"]

1.d4 Nf6 2.Nf3 c5 3.c3 e6 4.g3 b6 5.Bg2 Bb7 6.O-O Be7 7.Nbd2 O-O 8.Re1 
cxd4 9.Nxd4 Bxg2 10.Kxg2 d5 11.e4 dxe4 12.Nxe4 Nxe4 13.Rxe4 Qd5 14.Qf3 Nd7
15.Re2 Qxf3+ 16.Nxf3 Rfd8 17.Bg5 Bxg5 18.Nxg5 Nc5 19.Rc1 Rd5 20.Nf3 Rad8 
21.Rcc2 Nd3 22.Ne1 Kf8 23.c4 Nxe1+ 24.Rxe1 Rc8 25.b3 b5 26.Rec1 Rdc5 27.
Kf3 bxc4 28.Rxc4 Rxc4 29.bxc4 Ke7 30.Rc3 Kd6 31.Ra3 Rc7 32.Ra5 1/2-1/2

[Event "POL-chT3"]
[Site "Jastrzebia Gora POL"]
[Date "2016.09.05"]
[Round "3.8"]
[White "Nguyen, Piotr"]
[Black "Smagalski, Slawomir"]
[Result "1-0"]
[WhiteElo "2435"]
[BlackElo "1943"]
[EventDate "2016.09.02"]

1.e4 e5 2.Nf3 Nc6 3.d4 exd4 4.Nxd4 Bc5 5.Nb3 Bb6 6.Nc3 a6 7.Qe2 d6 8.Be3 
Bxe3 9.Qxe3 Nf6 10.O-O-O Qe7 11.h3 Bd7 12.g4 O-O-O 13.g5 Ng8 14.h4 h6 15.
Bg2 Kb8 16.Nd5 Qe8 17.Rhe1 Nge7 18.Qc3 Qf8 19.f4 Nxd5 20.exd5 Ne7 21.Bf1 
Nc8 22.Re4 Nb6 23.Qa5 Re8 24.Rb4 Ka7 25.Nd4 Qe7 26.a4 Qe3+ 27.Kb1 hxg5 28.
fxg5 Re5 29.Rb3 Qe4 30.Nb5+ Bxb5 31.axb5 Rxd5 32.Bd3 Qg4 33.Rf1 Rxh4 34.
Ra3 Nc4 35.Qxc7 Nxa3+ 36.bxa3 Qd4 37.bxa6 Qb6+ 38.Qxb6+ Kxb6 39.axb7 Ka7 
40.Rxf7 Rxg5 41.Kb2 Rh8 42.Bf5 Rb8 43.Bc8 Rb5+ 44.Kc3 R8xb7 45.Bxb7 Rxb7 
46.Rf8 Rc7+ 47.Kd3 Kb6 48.Rb8+ Kc5 49.a4 Ra7 50.Rb5+ Kc6 51.Rb4 d5 52.Kc3 
Kc5 53.Rb5+ Kc6 54.Kb4 Ra8 55.a5 g5 56.Rb6+ Kd7 57.Rg6 Rc8 58.a6 Rxc2 59.
a7 Rc8 60.Kb5 Ra8 61.Kb6 d4 62.Kb7 Kd8 1-0

[Event "POL-chT3"]
[Site "Jastrzebia Gora POL"]
[Date "2016.09.05"]
[Round "3.9"]
[White "Meczynski, Waldemar"]
[Black "Kowalczyk, Pawel"]
[Result "0-1"]
[WhiteElo "2032"]
[BlackElo "2303"]
[EventDate "2016.09.02"]

1.e4 c5 2.b4 cxb4 3.Bb2 Nf6 4.e5 Nd5 5.Bc4 Nb6 6.Bb3 d5 7.exd6 Qxd6 8.Nf3 
Nc6 9.O-O Bf5 10.a3 e6 11.axb4 Qxb4 12.d4 Qd6 13.c4 Qd8 14.d5 Nb4 15.Nd4 
Bxb1 16.Rxb1 e5 17.Re1 Be7 18.Nf5 O-O 19.Nxe7+ Qxe7 20.Bxe5 Rfe8 21.Bc3 
Qf8 22.Qd4 Na6 23.d6 Rxe1+ 24.Rxe1 Nd7 25.Ba4 Ndc5 26.d7 Ne6 27.Qg4 Kh8 
28.h4 Nac5 29.Bb4 a5 30.Ba3 b6 31.h5 h6 32.Rd1 Rd8 33.Bc2 Qg8 34.Rd6 Nxd7 
35.Qf5 Nf6 36.Rxb6 Nd4 37.Qd3 Qe8 38.Kf1 Nb5 39.Bd6 Na7 40.c5 Kg8 41.Rb7 
Nc8 42.Rxf7 Rxd6 43.Rxg7+ Kxg7 44.cxd6 Nb6 45.Qg3+ Kh8 46.Qc3 Qe6 47.Qxa5 
Qc4+ 48.Ke1 Qxc2 49.Qxb6 Qc3+ 50.Kd1 Qa1+ 51.Kc2 Qa4+ 52.Kb2 Qd7 53.Qd4 
Kg7 54.g4 Kf7 55.Qd3 Qxg4 56.Qe3 Qxh5 57.Qe7+ Kg6 58.Ka3 Qf3+ 59.Ka4 Qxf2 
60.Kb5 h5 61.Kc6 Qc2+ 62.Kb7 Qe4+ 0-1

[Event "POL-chT3"]
[Site "Jastrzebia Gora POL"]
[Date "2016.09.05"]
[Round "3.10"]
[White "Jagodzinski, Piotr"]
[Black "Walaszczyk, Witold"]
[Result "0-1"]
[WhiteElo "2241"]
[BlackElo "2088"]
[EventDate "2016.09.02"]

1.Nf3 Nf6 2.b3 g6 3.Bb2 Bg7 4.e3 d5 5.Be2 O-O 6.O-O c5 7.c4 d4 8.exd4 Nh5 
9.g3 cxd4 10.d3 Nc6 11.Nbd2 Re8 12.Re1 e5 13.Bf1 Bg4 14.h3 Bd7 15.a3 a5 
16.c5 Be6 17.Qc2 Bd5 18.Bg2 b6 19.cxb6 Qxb6 20.Ng5 Bxg2 21.Kxg2 Rac8 22.
Nc4 Qd8 23.Ne4 Re6 24.Bc1 h6 25.g4 Nf4+ 26.Bxf4 exf4 27.Qd1 Ne7 28.Qf3 g5 
29.Ned2 Ng6 30.Kg1 Nh4 31.Qh1 Re3 32.fxe3 dxe3 33.Nf3 Bxa1 34.Nxh4 gxh4 
35.Rxa1 Qd4 36.Kh2 e2 37.Qg1 Qxd3 38.g5 h5 39.g6 f6 40.Qg2 f3 41.Qf2 Re8 
42.Qa7 Qxg6 43.Rg1 Qg3+ 44.Rxg3+ hxg3+ 45.Kxg3 e1=Q+ 46.Kxf3 Qe4+ 0-1

[Event "POL-chT3"]
[Site "Jastrzebia Gora POL"]
[Date "2016.09.05"]
[Round "3.11"]
[White "Smagalski, Jaroslaw"]
[Black "Dowgird, Filip"]
[Result "0-1"]
[WhiteElo "1881"]
[BlackElo "2238"]
[EventDate "2016.09.02"]

1.e4 e6 2.d4 d5 3.e5 c5 4.Nf3 cxd4 5.Bd3 Nc6 6.O-O Nge7 7.Re1 h6 8.Nbd2 
Bd7 9.a3 g5 10.b4 Ng6 11.Bxg6 fxg6 12.Nb3 Bg7 13.Qd3 Kf7 14.Nbxd4 Nxd4 15.
Nxd4 Qc7 16.f4 gxf4 17.Bxf4 Qc4 18.Qxc4 dxc4 19.Rf1 Ke7 20.c3 b5 21.Bg3 a5
22.Nf3 g5 23.h4 g4 24.Nd4 Rhf8 25.Rxf8 Bxf8 26.Nc2 Bg7 27.Kf2 Bc6 28.Nd4 
Be8 29.Bf4 axb4 30.cxb4 h5 31.g3 Kf7 32.Ke3 Bf8 33.Nc2 Bc6 34.Rd1 Be7 35.
Kd2 Be4 36.Rf1 Bxc2 37.Kxc2 Rxa3 38.Bd2+ Kg6 39.Bc3 Ra2+ 40.Bb2 Bxb4 41.
Rf6+ Kg7 42.Kb1 Ra6 43.Rf1 Be7 44.Rd1 Ra7 45.Rd4 Rc7 46.Ba1 b4 47.Rd6 Kf7 
48.Rb6 Bc5 49.Rb8 Kg6 50.Rg8+ Kf5 51.Rg5+ Ke4 52.Rxh5 Kd3 53.Bb2 c3 54.Bc1
b3 55.Rg5 Bd4 0-1

[Event "POL-chT3"]
[Site "Jastrzebia Gora POL"]
[Date "2016.09.05"]
[Round "3.12"]
[White "Majdan-gajewska, Joanna"]
[Black "Bukowska, Katarzyna"]
[Result "1-0"]
[WhiteElo "2362"]
[BlackElo "1887"]
[EventDate "2016.09.02"]

1.e4 e5 2.Nf3 Nc6 3.Bb5 a6 4.Ba4 Nf6 5.O-O Be7 6.Re1 b5 7.Bb3 O-O 8.a4 Bb7
9.d3 d6 10.Bd2 Nd4 11.Nxd4 exd4 12.c3 dxc3 13.Nxc3 Qd7 14.Ne2 Qg4 15.h3 
Qh5 16.Qc1 Qc5 17.Qb1 Qb6 18.a5 Qc6 19.Bg5 Rae8 20.Bxf6 Bxf6 21.Bd5 Qd7 
22.Bxb7 c6 23.Bxa6 Ra8 24.Bxb5 cxb5 25.d4 b4 26.Qd3 Rfb8 27.Rec1 h6 28.a6 
Rb6 29.Ra5 Bd8 30.Rca1 Qc6 31.d5 Qd7 32.Nd4 Bf6 33.Rc1 Bxd4 34.Qxd4 Rbxa6 
35.Rxa6 Rxa6 36.Qxb4 Qa7 37.Qe1 Qb7 38.Qc3 Kh7 39.Qc8 Qxc8 40.Rxc8 Rb6 41.
Rc6 Rxb2 42.Rxd6 Re2 43.f3 h5 44.h4 g6 45.Rd8 Kg7 46.Re8 Rd2 47.Kh2 f6 48.
Re7+ Kf8 49.Rd7 Re2 50.Kh3 Re3 51.Kg3 Re2 52.Ra7 Rd2 53.Kh3 Rd3 54.Kg3 Rd2
55.Ra3 Ke7 56.Ra6 Re2 57.d6+ Kd7 58.Ra7+ Kxd6 59.Rg7 Ke6 60.Rxg6 Ra2 61.
Rh6 Ra5 62.Rh7 Rb5 63.Kf4 Rb2 64.g3 Rb5 65.Ra7 Rc5 66.Ra6+ Kf7 67.Rd6 Kg6 
68.Rd5 Rc4 69.Ra5 Rb4 70.Ra7 Rb5 71.g4 hxg4 72.Kxg4 Rc5 73.f4 Rb5 74.h5+ 
Rxh5 75.f5+ Kh6 76.Ra6 Rg5+ 77.Kf4 Kg7 78.Rxf6 Rh5 79.Ra6 1-0

[Event "POL-chT3"]
[Site "Jastrzebia Gora POL"]
[Date "2016.09.05"]
[Round "3.13"]
[White "Sopur, Lech"]
[Black "Licznerski, Lukasz"]
[Result "1/2-1/2"]
[WhiteElo "2404"]
[BlackElo "2260"]
[EventDate "2016.09.02"]

1.c4 e5 2.Nc3 Nf6 3.Nf3 Nc6 4.d4 exd4 5.Nxd4 Bb4 6.Bg5 h6 7.Bh4 g5 8.Bg3 
Ne4 9.Qd3 Bxc3+ 10.bxc3 Nxg3 11.hxg3 Qe7 12.Nf5 Qf6 13.Ne3 Kd8 14.Rd1 b6 
15.Nd5 Qe6 16.f4 gxf4 17.gxf4 Ne7 18.g3 Nxd5 19.cxd5 Qf6 20.d6 cxd6 21.Bg2
Rb8 22.Rh5 Rg8 23.Rd5 Qg6 24.Kf2 Qxd3 25.R5xd3 Rg6 26.Be4 Rf6 27.Rxd6 Ke7 
28.Rxf6 Kxf6 29.Rd6+ Ke7 30.Rxh6 Bb7 31.Bxb7 Rxb7 32.Ke3 Rc7 33.Kd4 Rc5 
34.e4 Ra5 35.Rh2 Ra4+ 36.Kd3 d6 37.Rd2 b5 38.Ke3 Ra3 39.Kd4 Ra4+ 40.Kd5 
Rc4 41.Rd3 Rc5+ 42.Kd4 Rc4+ 43.Ke3 Ra4 44.Rd2 Ra3 45.Kd4 Ra4+ 46.Kd3 Ke6 
47.g4 d5 48.Re2 Kd7 49.g5 dxe4+ 50.Rxe4 Rxa2 51.Re5 a6 52.Rf5 Ke7 53.Rf6 
Ra4 54.Ke3 Rc4 55.Rxa6 Rxc3+ 56.Ke4 Rc7 57.Rb6 Kf8 58.Rxb5 Kg7 59.Ke5 Re7+
60.Kd6 Re6+ 61.Kd7 Re4 62.f5 Rg4 63.Ke7 Re4+ 64.Kd6 Rg4 65.Ke7 1/2-1/2

[Event "POL-chT3"]
[Site "Jastrzebia Gora POL"]
[Date "2016.09.05"]
[Round "3.14"]
[White "Zielinski, Maciej"]
[Black "Lewtak, Damian"]
[Result "1/2-1/2"]
[WhiteElo "2111"]
[BlackElo "2333"]
[EventDate "2016.09.02"]

1.e4 e6 2.d4 d5 3.exd5 exd5 4.Bd3 Bd6 5.Nf3 Ne7 6.O-O O-O 7.Bg5 f6 8.Bh4 
Bg4 9.Bg3 Nf5 10.Bxd6 Nxd6 11.Nbd2 Bf5 12.Bxf5 Nxf5 13.Re1 Qd7 14.Nf1 Na6 
15.Ne3 Nxe3 16.Rxe3 Rfe8 17.Rxe8+ Rxe8 18.Qd2 Qb5 19.Re1 Rxe1+ 20.Qxe1 Kf7
21.b3 Qe8 22.Kf1 Qxe1+ 23.Kxe1 c6 24.Kd2 Ke6 25.c3 g5 26.Ne1 Nc7 27.Nd3 b6
28.g4 Kd6 29.f4 Ne6 30.Ke3 a5 1/2-1/2

[Event "POL-chT3"]
[Site "Jastrzebia Gora POL"]
[Date "2016.09.05"]
[Round "3.15"]
[White "Orzech, Dominik"]
[Black "Zielinski, Wojciech"]
[Result "1-0"]
[WhiteElo "2378"]
[BlackElo "2136"]
[EventDate "2016.09.02"]

1.Nf3 Nf6 2.c4 e6 3.Nc3 d5 4.d4 Be7 5.cxd5 exd5 6.Bg5 c6 7.Qc2 O-O 8.e3 h6
9.Bf4 b6 10.Bd3 Ba6 11.Bf5 Bc8 12.Bd3 Ba6 13.Bf5 Bc8 14.g4 Bxf5 15.gxf5 c5
16.Rg1 Kh8 17.O-O-O Nc6 18.dxc5 Rc8 19.e4 d4 20.e5 Nh5 21.Bxh6 gxh6 22.Qd2
Kh7 23.Ne4 Rg8 24.Rxg8 Qxg8 25.Rg1 Qf8 26.f6 Nxe5 27.Nxe5 Nxf6 28.Qxd4 Rd8
29.Qc4 Nxe4 30.Qxe4+ Kh8 31.Qf5 Bg5+ 32.Kb1 Re8 33.Qxf7 Qxf7 34.Nxf7+ Kg7 
35.Nd6 1-0

[Event "POL-chT3"]
[Site "Jastrzebia Gora POL"]
[Date "2016.09.05"]
[Round "3.16"]
[White "Grzelak, Artur"]
[Black "Kowalczyk, Rafal"]
[Result "1-0"]
[WhiteElo "2141"]
[BlackElo "2241"]
[EventDate "2016.09.02"]

1.d4 Nf6 2.Nf3 e6 3.Bf4 c5 4.e3 Qb6 5.Qc1 Nc6 6.c3 Nh5 7.Bg3 Nxg3 8.hxg3 
d5 9.Nbd2 Bd7 10.Bd3 g6 11.Rb1 Bg7 12.O-O a5 13.dxc5 Qxc5 14.e4 O-O 15.
exd5 Qxd5 16.Qc2 Rac8 17.Be4 Qc5 18.Nb3 Qa7 19.Rfd1 Rfd8 20.Qe2 h6 21.Bxg6
a4 22.Na1 a3 23.Be4 Na5 24.Nd4 Ba4 25.b3 Be8 26.Nb5 Bxb5 27.Qxb5 Bxc3 28.
Nc2 Bb2 29.Qh5 Kg7 30.Ne3 Rxd1+ 31.Rxd1 Qc5 32.Bf5 Nxb3 33.Rd7 Rf8 34.Qg6+
1-0

[Event "POL-chT3"]
[Site "Jastrzebia Gora POL"]
[Date "2016.09.05"]
[Round "3.17"]
[White "Rawicz, Karol"]
[Black "Fengier, Winicjusz"]
[Result "1-0"]
[WhiteElo "2216"]
[BlackElo "2054"]
[EventDate "2016.09.02"]

1.d4 c5 2.d5 Nf6 3.c4 e6 4.Nc3 exd5 5.cxd5 d6 6.e4 g6 7.Nf3 Bg4 8.Qa4+ Bd7
9.Qb3 Na6 10.Bxa6 bxa6 11.O-O Bg7 12.e5 dxe5 13.Nxe5 O-O 14.Rd1 Bf5 15.Be3
Re8 16.Nc4 Rb8 17.Qa3 Rb4 18.Nd2 Ng4 19.Nf1 Qd6 20.Rac1 Be5 21.h3 Nxe3 22.
Nxe3 Bd7 23.Rd2 Bd4 24.Nc2 Qf4 25.Rcd1 Be5 26.g3 Qe4 27.Nxe4 1-0

[Event "POL-chT3"]
[Site "Jastrzebia Gora POL"]
[Date "2016.09.05"]
[Round "3.18"]
[White "Jedrocha, Katarzyna"]
[Black "Sliwicka, Alicja"]
[Result "1/2-1/2"]
[WhiteElo "1893"]
[BlackElo "2092"]
[EventDate "2016.09.02"]

1.d4 Nf6 2.g3 g6 3.Bg2 d5 4.Nf3 Bg7 5.O-O O-O 6.c4 c6 7.Nc3 Ne4 8.cxd5 
Nxc3 9.bxc3 cxd5 10.e3 Nc6 11.Qe2 Qa5 12.Bd2 Qa4 13.Rfb1 Rd8 14.Bf1 e5 15.
Rb3 e4 16.Ne1 a6 17.Bc1 Bf8 18.Rb6 Na5 19.Qc2 Qe8 20.c4 Nxc4 21.Bxc4 dxc4 
22.Qxc4 Be6 23.Qe2 Bd5 24.Ng2 Qa4 25.Bd2 Bd6 26.Qe1 Bc7 27.Rb4 Qd7 28.a4 
Rac8 29.Rb2 Bc6 30.Ba5 Bxa5 31.Qxa5 Qg4 32.Nf4 h6 33.Qe1 g5 34.Qe2 Qd7 35.
Nh5 Qe6 36.Rb6 Rd6 37.Rc1 Rcd8 38.Rc5 f5 39.Re5 Qf7 40.g4 f4 41.Rf5 f3 42.
Qc2 Qe7 43.Qc4+ Bd5 44.Qc5 1/2-1/2